zpět

Detail výsledku týmu

U Gregorů, Nymburk

Datum a čas kvízu

36.5 Celkem bodů Celkový počet nahraných bodů na tomto kvízu bez doplňovacích otázek.
2. Pořadí na kvízu Konečné umístění týmu na tomto kvízu.

Zaznamenané odpovědi

# Otázka Odpověď Body Výsledky
1. V každé otázce tématu budete m... princ 1
2. Nyní hledáme slovo na čtyři pí... drak 1
3. Další slovo je na šest písmen:... kouzlo 1
4. Nyní hledáme jméno na šest pís... Bajaja 1
5. Poslední hledané slovo má čtyř... víla 1
6. Kniha Uprchlík na ptačím strom... Ondřej Sekora 0
7. V roce 2008 vydala J.K. Rowlin... Bajky barda Beedleho; Hermioně 1
8. Součástí Werichovy knihy Fimfá... vrabce/ptáčka (který záhy uletěl) 1
9. Pokud máte doma tuto sbírku ru... Krása nesmírná 1
10. Poslední otázka bude věnována... slon v hroznýši; klobouk 1